[Event "RA-2014-0-00319"]
[Site "LSS email"]
[Date "2014.04.15"]
[Round "?"]
[White "Stepanov, Konstantin Vasiliev"]
[Black "Broniek, Mariusz Maciej"]
[Result "0-1"]
[WhiteElo "1879"]
[BlackElo "2133"]
[PlyCount "70"]
[EventDate "2014.03.15"]
[EventType "tourn (corr)"]
[EventRounds "6"]
[EventCountry "GER"]
[SourceTitle "Telechess CBM 167"]
[Source "ChessBase"]
[SourceDate "2015.07.13"]
[SourceVersion "1"]
[SourceVersionDate "2015.07.13"]
[SourceQuality "1"]

1. d4 Nf6 2. c4 d5 3. cxd5 g6 4. Qa4+ c6 5. dxc6 Nxc6 6. Nf3 Bg7 7. Nc3 Bf5 8. e3 0-0 9. Be2 a6 10. 0-0 b5 11. Qd1 Rc8 12. h3 Re8 13. Nh4 Be6 14. Bd2 Bd7 15. Nf3 e5 16. d5 Na5 17. a4 b4 18. Na2 e4 19. Nd4 Nxd5 20. Nxb4 Nxb4 21. Bxb4 Nc4 22. Qb3 Ne5 23. Bxa6 Rb8 24. Rfd1 Qh4 25. Qa3 Bxh3 26. Bd6 Qg4 27. Bf1 Nc4 28. Qc5 Nxe3 29. fxe3 Rxb2 30. Nc2 Rc8 31. Bc7 Rb7 32. Qe7 h5 33. Rd8+ Kh7 34. Rxc8 Qxc8 35. gxh3 Rxc7 0-1

[Event "RA-2014-0-00319"]
[Site "LSS email"]
[Date "2014.04.15"]
[Round "?"]
[White "Stepanov, Konstantin Vasiliev"]
[Black "Khan, Valery"]
[Result "0-1"]
[WhiteElo "1879"]
[BlackElo "2155"]
[PlyCount "68"]
[EventDate "2014.03.15"]
[EventType "tourn (corr)"]
[EventRounds "6"]
[EventCountry "GER"]
[SourceTitle "Telechess CBM 167"]
[Source "ChessBase"]
[SourceDate "2015.07.13"]
[SourceVersion "1"]
[SourceVersionDate "2015.07.13"]
[SourceQuality "1"]

1. d4 d5 2. c4 c6 3. Nc3 dxc4 4. a4 e5 5. dxe5 Qxd1+ 6. Kxd1 Na6 7. e4 Be6 8. f4 0-0-0+ 9. Ke2 g6 10. Be3 Nb4 11. Bxa7 Nd3 12. Bb6 Rd7 13. Be3 Nxb2 14. a5 Bb4 15. Na4 Nxa4 16. Rxa4 c5 17. a6 bxa6 18. Rxa6 Kb7 19. Ra1 Ne7 20. Nf3 c3 21. Kf2 Nc6 22. Bb5 Rdd8 23. Ba4 Ra8 24. Rhb1 Kc7 25. Bc2 Ba2 26. Rd1 Rhe8 27. f5 c4 28. Bf4 Bc5+ 29. Kg3 Kb6 30. e6 fxe6 31. f6 e5 32. Bh6 Nd4 33. f7 Rec8 34. Rac1 Ne2+ 0-1

[Event "RA-2014-0-00319"]
[Site "LSS email"]
[Date "2014.04.15"]
[Round "?"]
[White "Usmanoff, Rustam Pulatovich"]
[Black "Stepanov, Konstantin Vasiliev"]
[Result "1-0"]
[WhiteElo "2110"]
[BlackElo "1879"]
[PlyCount "49"]
[EventDate "2014.03.15"]
[EventType "tourn (corr)"]
[EventRounds "6"]
[EventCountry "GER"]
[SourceTitle "Telechess CBM 167"]
[Source "ChessBase"]
[SourceDate "2015.07.13"]
[SourceVersion "1"]
[SourceVersionDate "2015.07.13"]
[SourceQuality "1"]

1. d4 d5 2. c4 c6 3. Nf3 Nf6 4. e3 Bg4 5. Nc3 e6 6. h3 Bh5 7. g4 Bg6 8. cxd5 Nxd5 9. Ne5 Bb4 10. Bd2 Nd7 11. Nxg6 hxg6 12. Bg2 Qc7 13. 0-0 Be7 14. Rc1 Kf8 15. Nxd5 exd5 16. Bxd5 Rxh3 17. f4 Rh8 18. Kg2 Qb6 19. Bc4 Nf6 20. g5 Ne4 21. Rh1 Rxh1 22. Qxh1 Ke8 23. Qh8+ Bf8 24. Qg8 Nd6 25. b3 1-0

[Event "RA-2013-0-00261"]
[Site "LSS email"]
[Date "2013.02.16"]
[Round "?"]
[White "Dehaybe, Andre"]
[Black "Stepanov, Konstantin Vasiliev"]
[Result "1-0"]
[WhiteElo "2171"]
[BlackElo "1970"]
[PlyCount "31"]
[EventDate "2013.01.31"]
[EventType "tourn (corr)"]
[EventRounds "6"]
[EventCountry "GER"]
[SourceTitle "Corr 2015"]
[Source "ChessBase"]
[SourceDate "2015.07.17"]
[SourceVersion "1"]
[SourceVersionDate "2015.07.17"]
[SourceQuality "1"]

1. d4 Nf6 2. c4 g6 3. Nc3 Bg7 4. e4 d6 5. h3 0-0 6. Nf3 e5 7. d5 a5 8. Bd3 Na6 9. 0-0 Nc5 10. Bc2 Bd7 11. Be3 b6 12. Qd2 Qc8 13. Rfe1 Re8 14. Rab1 Nh5 15. Kh2 Rf8 16. Ng1 1-0

[Event "RA-2013-0-00261"]
[Site "LSS email"]
[Date "2013.02.16"]
[Round "?"]
[White "Silva Filho, Alcindo Luz Bastos"]
[Black "Stepanov, Konstantin Vasiliev"]
[Result "1-0"]
[WhiteElo "2154"]
[BlackElo "1970"]
[PlyCount "21"]
[EventDate "2013.01.31"]
[EventType "tourn (corr)"]
[EventRounds "6"]
[EventCountry "GER"]
[SourceTitle "Corr 2015"]
[Source "ChessBase"]
[SourceDate "2015.07.17"]
[SourceVersion "1"]
[SourceVersionDate "2015.07.17"]
[SourceQuality "1"]

1. e4 e6 2. d4 d5 3. e5 c5 4. c3 Nc6 5. Nf3 Qb6 6. a3 Nh6 7. b4 cxd4 8. cxd4 Nf5 9. Be3 f6 10. exf6 gxf6 11. Bd3 1-0